00949nam a22001457a 450000500170000002000180001708200150003510000180005024501110006826000340017930000180021350400660023152004910029765000150078820260702125107.0 a9781637747278 a658.409MIL a Miller, Mark aLead every day:bthree essential disciplines to unleash the passion and performance of everyone around you aDallasbMatt Holt Booksc2025 a275p. ; 22 cm aIncludes bibliographical references (pages 267-275) and index aFrom seasoned executive leaders Mark Miller and Randy Gravitt, Lead Every Day provides a concrete, comprehensive framework for improved performance. Veteran and aspiring leaders alike can utilize the Lead Every Day Operating System to maximize their impact in the short-run and their long-term success. With insights from extensive global research and decades of practical experience, Lead Every Day is a powerful, application-focused guide to transform your approach and your outcomes" aLeadership